000
00310 a2200121 4500
001
ART_17571
005
20260410161750.0
008
260409a
245
1
0
_a
The why of work
100
1
_a
Ulrich, Dave
700
1
_a
Ulrich, Wendy
773
0
_t
Book Summary
_g
- NÂș 15 (ene. 2012)
_w
REV4099
999
_c
19613
_d
19613